Slaves from the Tamil Coast and European Trade Around the World, 1547-1792 (Record no. 1678323)

MARC details
000 -LEADER
fixed length control field 00493 a2200169 4500
005 - DATE AND TIME OF LATEST TRANSACTION
control field 20260302122143.0
008 - FIXED-LENGTH DATA ELEMENTS--GENERAL INFORMATION
fixed length control field 260302b |||||||| |||| 00| 0 eng d
020 ## - INTERNATIONAL STANDARD BOOK NUMBER
International Standard Book Number 9789360800758
040 ## - CATALOGING SOURCE
Transcribing agency SDCL
041 ## - LANGUAGE CODE
Source of code eng
Language code of text/sound track or separate title eng
084 ## - COLON CLASSIFICATION NUMBER
Classification number Y492.1'M R5
100 ## - MAIN ENTRY--PERSONAL NAME
Personal name Stephen S. Jeyaseela
245 ## - TITLE STATEMENT
Title Slaves from the Tamil Coast and European Trade Around the World, 1547-1792
260 ## - PUBLICATION, DISTRIBUTION, ETC.
Place of publication, distribution, etc. New Delhi :
Name of publisher, distributor, etc. Manohar Publishers and Distributors,
Date of publication, distribution, etc. 2025.
300 ## - PHYSICAL DESCRIPTION
Extent 216p.
942 ## - ADDED ENTRY ELEMENTS (KOHA)
Koha item type Textual
Source of classification or shelving scheme Colon Classification (CC)
999 ## -
-- 1678323
-- 1678323
Holdings
Withdrawn status Lost status Source of classification or shelving scheme Damaged status Not for loan Home library Current library Date acquired Source of acquisition Cost, normal purchase price Inventory number Total checkouts Full call number Barcode Date last seen Cost, replacement price Price effective from Koha item type
    Colon Classification (CC)     South Campus Library South Campus Library 2025-12-17 18 1116.00 2551 & 17/12/2025   Y492.1'M R5 SC1691684 2025-12-17 1395.00 2025-12-17 Textual
Copyright @ Delhi University Library System